000 01265nam0a2200313 4500
001 RU\NLR\bibl\744249
005 20250614004120.0
021 _aRU
_b2004-78499
_93873
035 _a(NLR Aleph) 000734102
090 _a781117
_c781117
100 _a20050405d2004 |||y0rusy50 ca
101 1 _arus
_ceng
102 _aRU
_aUA
105 _aa |||||||||
200 1 _aMacromedia Flash MX Professional 2004
_eполное руководство
_fДэвид Вогелир, Мэтью Пицци
_g[пер. с англ. и ред. В.А. Коваленко]
210 _aМосква [и др.]
_cВильямс
_d2004
215 _a829 с.
_cил.
_d24
225 1 _aЗнания. Решения. Мастерство
300 _aАвт. также на англ. яз.: David Vogeleer, Matthew Pizzi
320 _aПредм. указ.: с. 821-829
606 1 _aFLASH MX 2004, мультимедийный редактор
_jРуководства, пособия и т.п.
_92319110
_3RU\NLR\auth\661387503
686 _aЗ988.02-018.3я7
700 1 _aВогелир
_bД.
_gДэвид
_4070
701 1 _aПицци
_bМ.
_gМэтью
_4070
801 0 _aRU
_bNLR
_c20050405
_gPSBO
801 1 _aRU
_bNLR
_c20050405
942 _cBOOK
980 _aNB